Statistics for Religion by Letter - P

Click here to take the quiz!

General Stats

  • This quiz has been taken 124 times
  • The average score is 14 of 20

Answer Stats

HintAnswer% Correct
Leader of the Catholic ChurchPope
98%
Patron saint of IrelandSaint {Patrick}
95%
The practice of having more than
one spouse at a time
Polygamy
87%
Greek "Lord of the seas"Poseidon
85%
Term for a journey to a holy placePilgrimage
83%
Asian country with the most ChristiansPhilippines
81%
Roman official who authorized the
crucifixion of Jesus
Pontius Pilate
81%
Zoroastrianism was the state religion
of this empire
Persian Empire
79%
Place of purification before
acceptance to heaven
Purgatory
78%
Apostle to the GentilesPaul
77%
Belief that there are multiple godsPolytheism
72%
Jewish holiday aka "Pesach"Passover
68%
Person who is a follower of the
above in Middle Ages
Pagan
66%
Book of Bible King David wrotePsalms
65%
Eastern Orthodox leaderPatriarch
59%
Head minister of a Protestant churchPastor
58%
Goliath's peoplePhilistines
55%
Tiered structure containing
Buddhist relics
Pagoda
52%
Hallucinogen desert plant some
Native Americans consume
for religious purposes
Peyote
43%
Hawaiian goddess of volcanoesPele
40%

Score Distribution

Percentile by Number Answered

Percent of People with Each Score

Your Score History

You have not taken this quiz